000 00768nam a2200289Ia 4500
005 20260324131835.0
008 008 260324s9999 xx 000 0 eng d
020 _a9781410610997
037 _aEBOOK
040 _aCRL
040 _beng
040 _cCRL
041 _2eng
041 _aeng
084 _qCRL
100 _aDennis A. Vincenzi; Mustapha Mouloua; Peter A. Hancock
_91187033
245 0 _aHuman Performance, Situation Awareness, and Automation
245 0 _bCurrent Research and Trends HPSAA II, Volumes I and II
260 _bTaylor and Francis
260 _c2005
365 _a
365 _b350
856 _uhttp://www.taylorfrancis.com/books/9781410610997
942 _cEBOOK
999 _c1784570
_d1784570